000 00824cab a2200229 4500
001 ABS41669
008 090401t1989 xxu||||| |||| 00| 0 eng d
035 _a(Sirsi) u31566
041 _aeng
100 _aRidout, G.
245 _aInsulation flaws
260 _c1989
350 _a0
490 _aBuilding
_v254(7625) 24 November 1989, 73(1)
520 _aWith timber suspended floors being promoted as the best way to meet the new energy efficiency requirements, this article highlights the condensation problems that can arise and examines both British and Scandinavia n solutions.
650 _aDAMP
650 _aBUILT ENVIRONMENT-BUILDING ELEMENTS-COMPLETE BUILDING ELEMENTS-FLOORS
650 _aINSULATION
690 _aBUILDING AND CONSTRUCTION-ENERGY CONSERVATION
942 _n0
948 _c04/03/1997
999 _c21192
_d21192